| 000 | 02100cam a22005414i 4500 | ||
|---|---|---|---|
| 003 | PE-LiUPU | ||
| 005 | 20250731180116.0 | ||
| 008 | 180705s2001 sp a frb 00i 0 spa d | ||
| 020 | _a8448159969 | ||
| 020 | _a9788448159962 | ||
| 035 | _a(Sirsi) a249155 | ||
| 040 |
_aPE-LiUPU _bspa _cPE-LiUPU _erda |
||
| 049 | _aPRUA | ||
| 082 | 0 | 4 |
_a519.5 _bM57 _221 |
| 100 | 1 |
_aMilton, J. Susan, _eautor. |
|
| 245 | 1 | 0 |
_aEstadística para biología y ciencias de la salud / _cJ. Susan Milton. |
| 250 | _a3a edición. | ||
| 264 | 1 |
_aMadrid : _bMcGraw-Hill Interamericana, _c2001. |
|
| 300 |
_axix, 722 páginas : _bilustraciones ; _c25 centímetros |
||
| 336 |
_atext _2rdacontent |
||
| 337 |
_aunmediated _2rdamedia |
||
| 338 |
_avolume _2rdacarrier |
||
| 505 | 0 | _aMétodos descriptivos -- introducción a la cálculo de probabilidades y al cálculo combinatorio -- teoría de probabilidades y resolución de problemas -- variables aleatorias discretas -- variables aleatorias continuas -- inferencias sobre la media -- distribución ji-cuadrado e inferencias sobre la varianza -- inferencias sobre proporciones -- comparación de dos medias y dos varianzas -- procesos para K-muestras: introducción al diseño -- regresión y correlación -- datos categóricos. | |
| 526 | _aSEG44 | ||
| 526 | _aSEG26 | ||
| 526 | _aP159 | ||
| 526 | _aP155 | ||
| 526 | _aP154 | ||
| 526 | _aP153 | ||
| 526 | _aP150 | ||
| 526 | _aP100 | ||
| 526 | _aP31 | ||
| 526 | _aP30 | ||
| 526 | _aP26 | ||
| 526 | _aP25 | ||
| 526 | _aP24 | ||
| 526 | _aP22 | ||
| 526 | _aP15 | ||
| 526 | _aP10 | ||
| 541 | _g0001-000577; | ||
| 650 | 4 |
_aBiología _vModelos matemáticos. |
|
| 650 | 4 |
_aSalud _vModelos matemáticos. |
|
| 910 |
_adbm _bksl _cksl _d20180705 |
||
| 942 |
_2ddc _cBOOK |
||
| 994 |
_aC0 _bPEPRU |
||
| 596 | _a1 | ||
| 999 |
_a519.5 M57 _wDEWEY _c28744 _i78888 _d28744 _f2021-11-3 _g4 _lCCODEBUL1 _mBUL _p80.94 _q2 _r0 _sY _tBOOK _u2018-7-5 _xSALUD _zP22 _0COMPRA _1FCOMPRA _o.STAFF. Colección Ciencias de la Salud |
||
| 980 |
_81 _gALBERTO SANCHEZ Responsable de Automatización |
||